| 000 -LEADER | |
|---|---|
| fixed length control field | 00391nam a22001697a 4500 |
| 005 - DATE AND TIME OF LATEST TRANSACTION | |
| control field | 20200225165901.0 |
| 008 - FIXED-LENGTH DATA ELEMENTS--GENERAL INFORMATION | |
| fixed length control field | 200225b xxu||||| |||| 00| 0 eng d |
| 020 ## - INTERNATIONAL STANDARD BOOK NUMBER | |
| ISBN | 978-81-239-2473-1 |
| 041 ## - LANGUAGE CODE | |
| Language code of text/sound track or separate title | eng |
| 100 ## - MAIN ENTRY--AUTHOR NAME | |
| Personal name | SAIF, S.R. |
| 245 ## - TITLE STATEMENT | |
| Title | PHARMACOLOGY REVIEW |
| 250 ## - EDITION STATEMENT | |
| Edition statement | 2nd Ed.2015 |
| 260 ## - PUBLICATION, DISTRIBUTION, ETC. (IMPRINT) | |
| Place of publication | NEW DELHI |
| Name of publisher | CBS |
| 300 ## - PHYSICAL DESCRIPTION | |
| Number of Pages | 832 p, |
| 650 ## - SUBJECT ADDED ENTRY--TOPICAL TERM | |
| Topical Term | PHARMACY |
| 942 ## - ADDED ENTRY ELEMENTS (KOHA) | |
| Koha item type | Books |
| Lost status | Damaged status | Collection code | Home library | Current library | Shelving location | Date acquired | Source of acquisition | Cost, normal purchase price | Full call number | Accession Number | Koha item type |
|---|---|---|---|---|---|---|---|---|---|---|---|
| PHARMACY | JRU Library | JRU Library | Shelf - 21- D | 25/02/2020 | PURCHESS | 495.00 | 615.1 | 23721 | Books | ||
| PHARMACY | JRU Library | JRU Library | Shelf - 21- D | 25/02/2020 | PURCHESS | 495.00 | 615.1 | 23722 | Books | ||
| Reference | JRU Library | JRU Library | SHELF-4-A | 25/02/2020 | PURCHESS | 495.00 | 615.1 | 23723 | Books |